000 00610cam a22002051 4500
001 ca 24000874
003 DLC
005 20260227111113.0
008 870916s1924 cau 000 0 eng
010 _aca 24000874
035 _a(OCoLC)16693602
040 _aDLC
_cCLU
_dDLC
042 _apremarc
050 0 0 _aPS3511.A5
_bD4 1924
100 1 _aFall, Nellie M.
245 1 0 _aDefinition of a dog,
_cby Nellie M. Fall ...
260 _aLos Angeles, Calif.,
_bFall Publishing Company
_c[c1924]
300 _a7 l.
_c19 cm.
500 _aPoem, printed on one side of double leaves folded once in Japanese style.
999 _c15895
_d15895